Ecuador: monumentos históricos y arqueológicos

Shranjeno v:
Bibliografske podrobnosti
Glavni avtor: Vargas, José María (Author)
Format: Knjiga
Jezik:španščina
Izdano: Ciudad de México Instituto Panaméricano de Geografía e Historia 1953
Serija:Monumentos Históricos y Arqueológicos, 9
Teme:
Oznake: Označite
Brez oznak, prvi označite!

MARC

LEADER 00000nam a2200000 a 4500
001 UCT0950
003 CL-VaPUC
008 960913e19530000MX |||||||||||||||||spa|d
082 0 4 |a 725.94  |b VAR  |2 21 
100 0 |a Vargas, José María  |e author  |9 369565 
245 1 0 |a Ecuador: monumentos históricos y arqueológicos 
300 |a 144 p 
942 |c BK 
945 |d 19960913 00:00:00  |a rleighto 
260 |a Ciudad de México  |b Instituto Panaméricano de Geografía e Historia  |c 1953 
650 0 |a Arquitectura   |y Siglos 16-18   |9 369566 
650 0 |a Monumentos históricos  |9 308710 
650 7 |a MONUMENTOS ARQUEOLOGICOS  |2 CL-VaPUC  |9 369567 
650 7 |a PRESERVACION DE LOS MONUMENTOS  |2 CL-VaPUC  |9 346946 
651 0 |a Ecuador  |9 258378 
583 |a last modification  |c 20160830 05:52:39  |k Rodrigo Vera 
490 0 |a Monumentos Históricos y Arqueológicos, 9 
999 |c 251632  |d 251630 
952 |0 0  |1 0  |4 0  |6 725_940000000000000_VAR_1953  |7 0  |8 P  |9 270941  |a BIBARQ  |b BIBARQ  |d 2019-11-19  |i 3229866  |o 725.94 VAR 1953  |p 3229866  |r 2025-01-20  |w 2019-11-19  |y BK  |k ARQ